El pintor de batallas /

Guardado en:
Autor Principal: Pérez Reverte, Arturo
Formato: Libro
Publicado: Buenos Aires : Alfaguara, 2006
Materias:
Etiquetas: Agregar Etiqueta
Sin Etiquetas, Sea el primero en etiquetar este registro!
LEADER 00540nam a22001935a 4500
001 CEM.cems014668
005 20151204162421.0
008 130507s2006##################000#0#####d
003 CEMS
020 |a 9870403409 
082 0 4 |a 863.4 
100 1 |a Pérez Reverte, Arturo 
245 1 0 |a El pintor de batallas /  |c Arturo Pérez Reverte 
260 |a Buenos Aires :  |b Alfaguara,  |c 2006 
300 |a 304 p. 
653 |a Literatura 
653 |a Literatura española 
653 |a Novelas 
859 |a CEMS  |b BIB. CEMS - 11 de abril  |h 863.4  |i P415-5  |p 27265.15  |t Ej.1